000 00748cam a22001814a 4500
005 20250605164349.0
008 250528s ||||||||||||||||||||||||d
035 _a24056
040 _aGR-AtMCL
_bgre
_dGR-AtMCL
_eAACR2
245 1 _aBased Loaded / Desktop Metal Gears Up for 2020 in Europe with Strong Manufacturing Starting Line-Up
260 _bBpa Worldwide,
_c2020
300 _a42
520 _aBases Loaded, State of the Industry, Carbon's Next Chapter, A Platform for Innovation, Journey to Generative Engineering, Worth Its Weight, Engineering the Exquisite, Electron Beam's Time to Shine, Standards for Am, Incus Q&A, A Fly in the Ointment.
700 1 _aGriffiths Laura
_99377
942 _cCR
999 _c8956
_d8956